Statistics for Државе које се граниче са Русијом

Click here to take the quiz!

General Stats

  • This quiz has been taken 325 times
  • The average score is 12 of 14

Answer Stats

Дужина границеДржава% Correct
3,645 кмКина
97%
1,576 кмУкрајина
97%
6,846 кмКазахстан
95%
3,441 кмМонголија
92%
959 кмБелорусија
92%
290 кмЕстонија
92%
292 кмЛетонија
91%
1,313 кмФинска
89%
227 кмЛитванија
89%
723 кмГрузија
77%
18 кмСеверна Кореја
77%
284 кмАзербејџан
75%
206 кмПољска
69%
196 кмНорвешка
57%

Score Distribution

Percentile by Number Answered

Percent of People with Each Score

Your Score History

You have not taken this quiz